Central Library OPAC University of Rajshahi

Writing and researching term papers and reports : (Record no. 16672)

MARC details
000 -LEADER
fixed length control field 00815cam a22002531 4500
001 - CONTROL NUMBER
control field 16672
003 - CONTROL NUMBER IDENTIFIER
rucl marc code BD-RjUL
005 - DATE AND TIME OF LATEST TRANSACTION
control field 20211209000034.0
008 - FIXED-LENGTH DATA ELEMENTS--GENERAL INFORMATION
fixed length control field 140215s1964 nyu 001 0 eng
035 ## - SYSTEM CONTROL NUMBER
System control number (BD-RjUL)16727
040 ## - CATALOGING SOURCE
Original cataloging agency DLC
Transcribing agency Wa
Modifying agency DLC
-- BD-RjUL
Language of cataloging eng
041 ## - LANGUAGE CODE
Language code of text/sound track or separate title eng
082 00 - DEWEY DECIMAL CLASSIFICATION NUMBER
Classification number 808.06
Author mark and year EHW 1964
100 1# - MAIN ENTRY--PERSONAL NAME
Personal name Ehrlich, Eugene,
Dates associated with a name 1922-2008.
9 (RLIN) 2578
245 10 - TITLE STATEMENT
Title Writing and researching term papers and reports :
Remainder of title a new guide for students /
Statement of responsibility, etc. by Eugene Ehrlich and Daniel Murphy.
260 ## - PUBLICATION, DISTRIBUTION, ETC. (IMPRINT)
Place of publication, distribution, etc. Toronto;
-- New York :
Name of publisher, distributor, etc. Bantam Books,
Date of publication, distribution, etc. [1964]
300 ## - PHYSICAL DESCRIPTION
Pagination viii, 149 p. :
Illustrations ill. ;
Size 18 cm.
650 #0 - SUBJECT ADDED ENTRY--TOPICAL TERM
Topical term or geographic name as entry element Academic writing.
9 (RLIN) 1514
Topical term or geographic name as entry element Report writing.
9 (RLIN) 51498
700 1# - ADDED ENTRY--PERSONAL NAME
Personal name Murphy, Daniel
Dates associated with a name 1921-
Relator term joint author.
942 ## - ADDED ENTRY ELEMENTS (KOHA)
Source of classification or shelving scheme Dewey Decimal Classification
Koha item type Rare Books
Holdings
Lost status Source of classification or shelving scheme Damaged status Not for loan Permanent Location Current Location Shelving location Date acquired Source of acquisition Total Checkouts Full call number Date last seen Copy number Koha item type
  Dewey Decimal Classification   Not For Loan Central Library, University of Rajshahi Central Library, University of Rajshahi Rare Book Section 05/12/1966 Mirja Book Agency.   RA 808.06 EHW 1964 15/02/2014 C-7 Rare Books